[Event "63.Camp. Veneto Quarti di Finale"]
[Site "Arquà Petrarca ITA"]
[Date "2003.05.04"]
[Round "3.9"]
[White "Rossi, Damiano"]
[Black "Roberti, Ignazio"]
[Result "1-0"]
[WhiteElo "1849"]
[BlackElo "2001"]
[Annotator "Gabriele Ballarin"]
[PlyCount "132"]
[EventDate "2003.05.03"]
[EventType "swiss"]
[EventRounds "6"]
[EventCountry "ITA"]

1. d4 Nf6 2. Nf3 e6 3. Bg5 Be7 4. c4 d5 5. Nc3 Nbd7 6. e3 h6 7. Bh4 c6 8. h3 Qb6 9. Qb3 O-O 10. Qxb6 axb6 11. Bg3 Re8 12. Bd3 Bb4 13. O-O dxc4 14. Bxc4 Bxc3 15. bxc3 Ne4 16. Rfc1 Nxg3 17. fxg3 b5 18. Bb3 b6 19. g4 Bb7 20. g5 hxg5 21. Nxg5 Ra5 22. Ne4 Nf8 23. Rf1 c5 24. Nd6 Re7 25. Rf2 Bd5 26. Raf1 f6 27. e4 Bxb3 28. axb3 Ra3 29. e5 f5 30. Rb2 b4 31. cxb4 cxb4 32. Rc1 Ng6 33. Nc8 Rd7 34. Rc4 Nf4 35. Nxb6 Rb7 36. Nc8 Nd5 37. Rc6 Rc7 38. Rxc7 Nxc7 39. Ne7+ Kf7 40. Nc6 Nd5 41. Kf2 f4 42. Ke2 Nc3+ 43. Kd3 Nd1 44. Rb1 Ne3 45. g3 Nd5 46. gxf4 Nxf4+ 47. Kc4 Nxh3 48. Kxb4 Ra2 49. Rf1+ Ke8 50. Rf3 Rh2 51. Kb5 g5 52. Rg3 Kf7 53. Kc5 Kg6 54. b4 Nf4 55. b5 Rc2+ 56. Kd6 Rb2 57. Na7 Kf5 58. Kc6 Nd5 59. Kd6 g4 60. Rg1 Rb4 61. Kc5 Rb2 62. Nc6 Rb3 63. Nd8 g3 64. Nf7 Kf4 65. Kd6 Rb4 66. Kxe6 Ne3 1-0

[Event "63.Camp. Veneto Quarti di Finale"]
[Site "Arquà Petrarca ITA"]
[Date "2003.05.04"]
[Round "3.10"]
[White "Guclu, Yaman"]
[Black "Renier, Renzo"]
[Result "1-0"]
[WhiteElo "1771"]
[BlackElo "1845"]
[Annotator "Gabriele Ballarin"]
[PlyCount "37"]
[EventDate "2003.05.03"]
[EventType "swiss"]
[EventRounds "6"]
[EventCountry "ITA"]

1. e4 e6 2. d4 d5 3. Nc3 dxe4 4. Nxe4 Nd7 5. Nf3 Ngf6 6. Bd3 Nxe4 7. Bxe4 Nf6 8. Bd3 c5 9. O-O cxd4 10. Nxd4 Be7 11. Bg5 O-O 12. c3 Qa5 13. Bh4 Rd8 14. Qe2 Qc5 15. Rfe1 Bd7 16. Rad1 Kf8 17. Bc2 h6 18. Rd3 Qh5 19. Bxf6 1-0

[Event "63.Camp. Veneto Quarti di Finale"]
[Site "Arquà Petrarca ITA"]
[Date "2003.05.04"]
[Round "3.11"]
[White "Morganti, Lionello"]
[Black "Cecchetto, Vanni"]
[Result "1/2-1/2"]
[WhiteElo "1636"]
[BlackElo "2051"]
[Annotator "Gabriele Ballarin"]
[PlyCount "39"]
[EventDate "2003.05.03"]
[EventType "swiss"]
[EventRounds "6"]
[EventCountry "ITA"]

1. e4 c5 2. Nf3 e6 3. b3 Nc6 4. Bb2 a6 5. d4 cxd4 6. Nxd4 d6 7. Nxc6 bxc6 8. c4 Nf6 9. e5 dxe5 10. Qxd8+ Kxd8 11. Bxe5 Bb4+ 12. Bc3 a5 13. Bd3 Ke7 14. O-O g6 15. a3 Bxc3 16. Nxc3 Rb8 17. Bc2 Ba6 18. Rfd1 Rhd8 19. Rxd8 Rxd8 20. Rd1 1/2-1/2

[Event "63.Camp. Veneto Quarti di Finale"]
[Site "Arquà Petrarca ITA"]
[Date "2003.05.04"]
[Round "3.12"]
[White "Ribon, Andrea"]
[Black "Pomaro, Stefano"]
[Result "1/2-1/2"]
[WhiteElo "1791"]
[BlackElo "1626"]
[Annotator "Gabriele Ballarin"]
[PlyCount "65"]
[EventDate "2003.05.03"]
[EventType "swiss"]
[EventRounds "6"]
[EventCountry "ITA"]

1. c4 Nf6 2. Nc3 e6 3. e4 d5 4. e5 d4 5. exf6 dxc3 6. bxc3 Qxf6 7. d4 c5 8. Nf3 h6 9. Be2 Bd6 10. O-O O-O 11. Be3 Na6 12. Qc2 b6 13. Qe4 Rb8 14. Bd3 Qf5 15. Qxf5 exf5 16. d5 f4 17. Bd2 Bd7 18. a4 Rfe8 19. Rfe1 Rxe1+ 20. Nxe1 Be5 21. Ra2 Nc7 22. Nf3 Bd6 23. g3 fxg3 24. hxg3 g5 25. Kg2 Kg7 26. Ne1 f5 27. Nc2 Kf6 28. Ne3 a5 29. Bc2 Ne8 30. Ra1 Bf8 31. Re1 Nd6 32. Bb3 Re8 33. Nd1 1/2-1/2

[Event "63.Camp. Veneto Quarti di Finale"]
[Site "Arquà Petrarca ITA"]
[Date "2003.05.04"]
[Round "3.13"]
[White "Bettera, Roberto"]
[Black "Canazza, Alessandro"]
[Result "1-0"]
[WhiteElo "1726"]
[BlackElo "1615"]
[Annotator "Gabriele Ballarin"]
[PlyCount "97"]
[EventDate "2003.05.03"]
[EventType "swiss"]
[EventRounds "6"]
[EventCountry "ITA"]

1. d4 Nf6 2. c4 g6 3. Nc3 d5 4. Bf4 Bg7 5. Nf3 O-O 6. Rc1 dxc4 7. e3 a6 8. Bxc4 Nbd7 9. h3 c5 10. a4 cxd4 11. exd4 Qa5 12. O-O Nb6 13. Bb3 Bd7 14. Ne5 Rad8 15. Qd2 e6 16. Rfd1 Rc8 17. Bh6 Rfd8 18. Bxg7 Kxg7 19. Ra1 Bc6 20. Qf4 Nbd5 21. Bxd5 Bxd5 22. g4 h6 23. h4 Qc7 24. Rd3 Qe7 25. Rg3 h5 26. g5 Nd7 27. Re1 Nxe5 28. Qxe5+ f6 29. Nxd5 fxe5 30. Nxe7 Rc7 31. Nxg6 Kxg6 32. Rxe5 Rc6 33. Rd3 Rcd6 34. Re4 Kf5 35. f3 Rc8 36. Kg2 Rc2+ 37. Kg3 Rxb2 38. Rf4+ Kg6 39. Rf6+ Kg7 40. Rc3 Rxd4 41. Rc7+ Kg8 42. Rxe6 Kf8 43. Rh7 Rxa4 44. Rxh5 b5 45. g6 b4 46. Rh8+ Kg7 47. Rh7+ Kf8 48. Rf7+ Kg8 49. Re8# 1-0

[Event "63.Camp. Veneto Quarti di Finale"]
[Site "Arquà Petrarca ITA"]
[Date "2003.05.04"]
[Round "3.14"]
[White "Fracasso Pezzolato, Michele"]
[Black "Trangoni, Bruno"]
[Result "1/2-1/2"]
[WhiteElo "1630"]
[BlackElo "1725"]
[Annotator "Gabriele Ballarin"]
[PlyCount "97"]
[EventDate "2003.05.03"]
[EventType "swiss"]
[EventRounds "6"]
[EventCountry "ITA"]

1. e4 e5 2. Nf3 Nc6 3. d4 exd4 4. Nxd4 Qh4 5. Nc3 Bb4 6. Qd3 Nf6 7. Nxc6 dxc6 8. Bd2 Bg4 9. g3 Qh5 10. Bg2 Rd8 11. Qe3 Bc5 12. Qg5 O-O 13. Qxh5 Bxh5 14. f3 Nd7 15. g4 Bg6 16. f4 f6 17. O-O-O Rfe8 18. h4 Nb6 19. h5 Bf7 20. b3 Re7 21. Ne2 Red7 22. c3 a5 23. Kc2 a4 24. c4 Ba3 25. Bc3 h6 26. Nd4 Bc5 27. Nf5 Be6 28. Rxd7 Rxd7 29. e5 Kf7 30. Be4 Bf8 31. Ne3 Rd8 32. f5 Bc8 33. e6+ Ke8 34. b4 c5 35. b5 Bd6 36. Rd1 Bf4 37. Nd5 Nxc4 38. Rd3 Bd6 39. Ne3 Na3+ 40. Kb2 Nxb5 41. Nc4 a3+ 42. Kb3 Nxc3 43. Nxd6+ cxd6 44. Rxc3 d5 45. Bf3 b6 46. Kxa3 Bb7 47. Rb3 Ra8+ 48. Kb2 Ra6 49. Rd3 1/2-1/2

[Event "63.Camp. Veneto Quarti di Finale"]
[Site "Arquà Petrarca ITA"]
[Date "2003.05.04"]
[Round "3.15"]
[White "Stiz, Massimiliano"]
[Black "Mocellin, Gianfranco"]
[Result "1-0"]
[WhiteElo "1621"]
[BlackElo "1708"]
[Annotator "Gabriele Ballarin"]
[PlyCount "105"]
[EventDate "2003.05.03"]
[EventType "swiss"]
[EventRounds "6"]
[EventCountry "ITA"]

1. e4 d5 2. Nc3 dxe4 3. Nxe4 c6 4. d4 Bf5 5. Ng3 Bg6 6. c3 e6 7. Bd3 Bd6 8. Nf3 Qc7 9. Qe2 Nf6 10. Nf5 Bxf5 11. Bxf5 Qe7 12. Bc2 Nbd7 13. Bg5 h6 14. Bh4 O-O-O 15. O-O-O Bf4+ 16. Kb1 Rhe8 17. Ne5 g5 18. Bg3 Bxe5 19. dxe5 Nd5 20. a3 N7b6 21. h4 Qc5 22. Rd3 Nc4 23. Bb3 b5 24. Rhd1 Rd7 25. Qg4 Rg8 26. Qd4 Qxd4 27. Rxd4 Ncb6 28. Kc1 c5 29. Rg4 c4 30. Bc2 Ne7 31. Rxd7 Kxd7 32. Rd4+ Nbd5 33. Kd2 a5 34. a4 Kc6 35. axb5+ Kxb5 36. Bd1 Nf5 37. Rg4 f6 38. Be2 Rc8 39. b3 Nb6 40. exf6 Kc6 41. Bxc4 Rf8 42. hxg5 hxg5 43. Bxe6 Rxf6 44. Bxf5 Rxf5 45. Rd4 Nd5 46. f3 Nf6 47. Kd3 Rd5 48. Rxd5 Kxd5 49. Bc7 a4 50. bxa4 g4 51. fxg4 Nxg4 52. a5 Kc6 53. Bg3 1-0

[Event "63.Camp. Veneto Quarti di Finale"]
[Site "Arquà Petrarca ITA"]
[Date "2003.05.04"]
[Round "3.16"]
[White "Negro, Raffaele"]
[Black "Bdair, Bilal"]
[Result "1-0"]
[WhiteElo "1696"]
[BlackElo "1600"]
[Annotator "Gabriele Ballarin"]
[PlyCount "81"]
[EventDate "2003.05.03"]
[EventType "swiss"]
[EventRounds "6"]
[EventCountry "ITA"]

1. Nf3 Nf6 2. g3 g6 3. Bg2 Bg7 4. O-O O-O 5. d3 d6 6. e4 e5 7. c3 c6 8. Re1 Nbd7 9. Na3 Re8 10. Nc4 Nb6 11. Nfd2 Be6 12. Nxb6 axb6 13. c4 Nd7 14. Nf3 h6 15. b4 f5 16. Nh4 Kh7 17. Qc2 Rf8 18. Bh3 Qf6 19. exf5 Bxf5 20. Bxf5 gxf5 21. Bb2 Kg8 22. f4 Qf7 23. Nf3 exf4 24. gxf4 Rae8 25. Rxe8 Rxe8 26. Qg2 Kh7 27. Qxg7+ Qxg7+ 28. Bxg7 Kxg7 29. Re1 Rxe1+ 30. Nxe1 Nf8 31. Kf2 Ne6 32. Ke3 Kg6 33. d4 c5 34. dxc5 bxc5 35. b5 Kh5 36. b6 Nd8 37. Kf3 Nc6 38. Nc2 Nd4+ 39. Nxd4 cxd4 40. a4 d3 41. a5 1-0

[Event "63.Camp. Veneto Quarti di Finale"]
[Site "Arquà Petrarca ITA"]
[Date "2003.05.04"]
[Round "3.17"]
[White "Gomez de Ayala, Paolo"]
[Black "Fabiano, Manuel"]
[Result "1/2-1/2"]
[WhiteElo "1692"]
[BlackElo "1600"]
[Annotator "Gabriele Ballarin"]
[PlyCount "94"]
[EventDate "2003.05.03"]
[EventType "swiss"]
[EventRounds "6"]
[EventCountry "ITA"]

1. d4 e6 2. c4 f5 3. Nc3 Nf6 4. g3 Be7 5. Bg2 O-O 6. Nf3 d5 7. b3 c6 8. O-O Ne4 9. Qc2 Nd7 10. Nd2 Bd6 11. f3 Nxc3 12. Qxc3 f4 13. e4 fxg3 14. e5 gxh2+ 15. Kxh2 Bc7 16. Kg1 c5 17. f4 cxd4 18. Qg3 Bb6 19. Rf3 Nc5 20. Qg4 dxc4 21. Rg3 Rf7 22. Nxc4 d3 23. Be3 g6 24. Rd1 Bd7 25. b4 Na6 26. Nxb6 axb6 27. Bxb7 Nxb4 28. Bxa8 Qxa8 29. Bxb6 Qxa2 30. f5 exf5 31. Qxb4 Bc6 32. Qd6 Qe2 33. Qxd3 Qxe5 34. Qb3 f4 35. Rd8+ Be8 36. Rgd3 Qe1+ 37. Kh2 Qe2+ 38. Kh3 Qf1+ 39. Kh4 Qe1+ 40. Kg4 h5+ 41. Kg5 Qe5+ 42. Kxg6 Qf5+ 43. Kh6 Qh7+ 44. Kg5 Qf5+ 45. Kh6 Qh7+ 46. Kg5 Qf5+ 47. Kh6 Qh7+ 1/2-1/2

[Event "63.Camp. Veneto Quarti di Finale"]
[Site "Arquà Petrarca ITA"]
[Date "2003.05.04"]
[Round "3.18"]
[White "Cipolotti, Piersilvio"]
[Black "Marson, Luca"]
[Result "1/2-1/2"]
[WhiteElo "1612"]
[BlackElo "1690"]
[Annotator "Gabriele Ballarin"]
[PlyCount "85"]
[EventDate "2003.05.03"]
[EventType "swiss"]
[EventRounds "6"]
[EventCountry "ITA"]

1. Nf3 Nf6 2. g3 g6 3. Bg2 Bg7 4. O-O O-O 5. d3 d6 6. e4 c5 7. Nbd2 Nc6 8. c3 Bd7 9. Ne1 Rb8 10. f4 b5 11. h3 b4 12. c4 Ne8 13. g4 f5 14. exf5 gxf5 15. g5 e5 16. Ndf3 Nc7 17. h4 Ne6 18. fxe5 dxe5 19. Rb1 Ncd4 20. Nh2 Qe8 21. Kh1 Bc6 22. h5 Bxg2+ 23. Nxg2 Qc6 24. h6 Bh8 25. Qh5 Qe8 26. Qxe8 Rbxe8 27. Nh4 Ne2 28. Rf2 N2f4 29. Bxf4 Nxf4 30. Rd1 Rd8 31. Rfd2 Ng6 32. Nxg6 hxg6 33. Kg2 Rd7 34. Kf2 Rfd8 35. Nf3 a5 36. b3 a4 37. Ke2 axb3 38. axb3 Ra8 39. Ke3 Ra3 40. Rb1 Kf7 41. Ke2 f4 42. Nh4 Rd4 43. Nf3 1/2-1/2

[Event "63.Camp. Veneto Quarti di Finale"]
[Site "Arquà Petrarca ITA"]
[Date "2003.05.04"]
[Round "3.19"]
[White "Calicchia, Giovanni"]
[Black "Ballarin, Gabriele"]
[Result "1/2-1/2"]
[WhiteElo "1690"]
[BlackElo "1582"]
[Annotator "Gabriele Ballarin"]
[PlyCount "114"]
[EventDate "2003.05.03"]
[EventType "swiss"]
[EventRounds "6"]
[EventCountry "ITA"]
[SourceTitle "Inf 22"]

1. e4 c5 2. Nf3 Nc6 3. d4 cxd4 4. Nxd4 e5 5. Nb5 a6 6. Nd6+ Bxd6 7. Qxd6 Qf6 8. Qd1 Qg6 9. f3 Nge7 10. Nc3 d5 11. Nxd5 Nxd5 12. Qxd5 Be6 13. Qd2 O-O 14. c3 f6 15. Qf2 Rfd8 16. Be2 f5 17. exf5 Bxf5 18. Bc4+ Kh8 19. O-O Rd7 20. Be3 b5 21. Be2 Rb8 22. a3 Ne7 23. Rfd1 Rbd8 24. Rxd7 Rxd7 25. Rd1 Nd5 26. Bc1 Qc6 27. Kh1 h6 28. Qf1 Bc2 29. Rd2 Bf5 30. Bd3 Be6 31. Be4 Qc7 32. Rd3 Nf6 33. Rxd7 Qxd7 34. Bc2 Bc4 35. Qd1 Kg8 36. Qxd7 Nxd7 37. Be3 Kf7 38. a4 Nf6 39. Kg1 Ke6 40. axb5 axb5 41. Kf2 Kd6 42. h4 Bd5 43. g4 Bc6 44. g5 hxg5 45. hxg5 Nd5 46. Bc1 Be8 47. Be4 Ke6 48. Bxd5+ Kxd5 49. b3 Bg6 50. Ba3 Bc2 51. c4+ bxc4 52. bxc4+ Kxc4 53. Bf8 g6 54. Ke3 Kd5 55. Bg7 Ke6 56. f4 e4 57. Be5 Kf5 1/2-1/2

[Event "63.Camp. Veneto Quarti di Finale"]
[Site "Arquà Petrarca ITA"]
[Date "2003.05.04"]
[Round "3.20"]
[White "Casciello, Dimitri"]
[Black "Tonus, Alex"]
[Result "1-0"]
[WhiteElo "1600"]
[BlackElo "1689"]
[Annotator "Gabriele Ballarin"]
[PlyCount "41"]
[EventDate "2003.05.03"]
[EventType "swiss"]
[EventRounds "6"]
[EventCountry "ITA"]

1. e4 c5 2. Nf3 d6 3. d4 cxd4 4. Nxd4 Nf6 5. Nc3 a6 6. Be2 e5 7. Nb3 Be6 8. O-O Nbd7 9. Be3 Be7 10. f3 O-O 11. Qd2 Qc7 12. g4 Rac8 13. a4 Nb6 14. a5 Nc4 15. Bxc4 Bxc4 16. g5 Bxf1 17. gxf6 Bxf6 18. Rxf1 Qd7 19. Qg2 g6 20. Nd5 Qd8 21. Bb6 1-0

[Event "63.Camp. Veneto Quarti di Finale"]
[Site "Arquà Petrarca ITA"]
[Date "2003.05.04"]
[Round "3.21"]
[White "Tonolo, Maurizio"]
[Black "Sanavio, Giancarlo"]
[Result "0-1"]
[WhiteElo "1687"]
[BlackElo "1564"]
[Annotator "Gabriele Ballarin"]
[PlyCount "83"]
[EventDate "2003.05.03"]
[EventType "swiss"]
[EventRounds "6"]
[EventCountry "ITA"]

1. Nf3 d5 2. d4 Nf6 3. e3 Bg4 4. Be2 e6 5. O-O Bd6 6. b3 O-O 7. c4 c5 8. Bb2 cxd4 9. exd4 Nc6 10. Ne5 Bf5 11. Nd2 Nd7 12. Ndf3 Ndxe5 13. Nxe5 Qc7 14. Nf3 dxc4 15. Bxc4 Rad8 16. h3 Bc5 17. Rc1 Bb6 18. Bd3 Bxd3 19. Qxd3 Qf4 20. Qe3 Qf6 21. Rfd1 Rd5 22. a3 Rfd8 23. b4 e5 24. Qe4 Nxd4 25. Nxd4 Bxd4 26. Bxd4 exd4 27. Re1 g6 28. Rc7 Rf5 29. f3 d3 30. Qe7 d2 31. Rd1 Qxe7 32. Rxe7 Rb5 33. Re2 Rbd5 34. Kf2 Kf8 35. Re3 f5 36. g3 a5 37. bxa5 Rxa5 38. Ke2 Rad5 39. Re6 b5 40. Re3 Kf7 41. f4 h6 42. Rb3 {Nur} 0-1

[Event "63.Camp. Veneto Quarti di Finale"]
[Site "Arquà Petrarca ITA"]
[Date "2003.05.04"]
[Round "3.25"]
[White "Velluti, Alberto"]
[Black "Pilotto, Alessandro"]
[Result "1-0"]
[WhiteElo "1646"]
[BlackElo "1495"]
[Annotator "Gabriele Ballarin"]
[PlyCount "33"]
[EventDate "2003.05.03"]
[EventType "swiss"]
[EventRounds "6"]
[EventCountry "ITA"]

1. e4 e5 2. Bc4 Nf6 3. d4 Nc6 4. Nf3 exd4 5. Nxd4 Nxd4 6. Qxd4 Be7 7. e5 Ng8 8. Qd5 Bb4+ 9. c3 Bxc3+ 10. Nxc3 Qe7 11. O-O c6 12. Qd6 b5 13. Bb3 Ba6 14. Ne4 b4 15. Re1 Qd8 16. Bg5 Ne7 17. Nf6+ 1-0

[Event "63.Camp. Veneto Quarti di Finale"]
[Site "Arquà Petrarca ITA"]
[Date "2003.05.04"]
[Round "3.27"]
[White "Lo Duca, Massimiliano"]
[Black "Maniero, Riccardo"]
[Result "0-1"]
[WhiteElo "1300"]
[BlackElo "1696"]
[Annotator "Gabriele Ballarin"]
[PlyCount "106"]
[EventDate "2003.05.03"]
[EventType "swiss"]
[EventRounds "6"]
[EventCountry "ITA"]

1. e4 Nc6 2. d4 d5 3. e5 Bf5 4. Ne2 e6 5. Ng3 Bg6 6. c4 dxc4 7. Be3 Bxb1 8. Rxb1 Bb4+ 9. Bd2 Bxd2+ 10. Qxd2 Qxd4 11. Qxd4 Nxd4 12. Rc1 O-O-O 13. Bxc4 Ne7 14. f4 Rd7 15. O-O Nef5 16. Ne4 Ne3 17. Rf2 Nxc4 18. Rxc4 Rhd8 19. Nc3 Nc6 20. g3 Rd2 21. Ne4 Rd1+ 22. Kg2 h6 23. Rfc2 a5 24. a3 Kb8 25. b4 axb4 26. axb4 Rb1 27. f5 exf5 28. Nc5 Rxb4 29. Na6+ bxa6 30. Rxc6 Rd7 31. Rxa6 Rb6 32. Ra5 c6 33. Rca2 Re7 34. Rf2 g6 35. Rc5 Kc7 36. Rfc2 Re6 37. Kf3 Kb7 38. Kf4 Rb4+ 39. R2c4 Rxc4+ 40. Rxc4 Re7 41. g4 fxg4 42. Rd4 h5 43. Re4 c5 44. Kg5 Re6 45. Kh6 Kc6 46. Kg7 Kd5 47. Kxf7 Rxe5 48. Ra4 Re6 49. Ra3 Rc6 50. Kg7 c4 51. Kh6 c3 52. Ra1 c2 53. Ra5+ Rc5 0-1

[Event "63.Camp. Veneto Quarti di Finale"]
[Site "Arquà Petrarca ITA"]
[Date "2003.05.04"]
[Round "3.28"]
[White "De Vries, Bernhard"]
[Black "Battiston, Gianfranco"]
[Result "0-1"]
[WhiteElo "1434"]
[BlackElo "1564"]
[Annotator "Gabriele Ballarin"]
[PlyCount "64"]
[EventDate "2003.05.03"]
[EventType "swiss"]
[EventRounds "6"]
[EventCountry "ITA"]

1. d4 d5 2. c4 e6 3. Nc3 Nf6 4. Bg5 Be7 5. e3 O-O 6. Bd3 h6 7. Bf4 c5 8. Nf3 dxc4 9. Bxc4 Nc6 10. O-O a6 11. a4 cxd4 12. exd4 Qb6 13. Rb1 Rd8 14. Be3 Qc7 15. Qe2 Nb4 16. h3 Nbd5 17. Rfc1 Qd6 18. Ne5 Nxc3 19. Rxc3 Nd5 20. Rc2 Bf6 21. Qh5 Bxe5 22. dxe5 Qe7 23. Qe2 Nxe3 24. Qxe3 Bd7 25. Rbc1 Bc6 26. f3 Rd7 27. Bd3 Rad8 28. Bxa6 bxa6 29. Rxc6 Rd1+ 30. Rxd1 Rxd1+ 31. Kf2 Qh4+ 32. Ke2 Qe1# 0-1

[Event "63.Camp. Veneto Quarti di Finale"]
[Site "Arquà Petrarca ITA"]
[Date "2003.05.04"]
[Round "3.29"]
[White "Zanirato, Stefano"]
[Black "Rigo, Gianfrancesco"]
[Result "1-0"]
[WhiteElo "1716"]
[BlackElo "2055"]
[Annotator "Gabriele Ballarin"]
[PlyCount "85"]
[EventDate "2003.05.03"]
[EventType "swiss"]
[EventRounds "6"]
[EventCountry "ITA"]

1. Nf3 e6 2. d3 d5 3. c3 Nf6 4. Qc2 b6 5. Bg5 Be7 6. e4 dxe4 7. dxe4 Bb7 8. Nbd2 O-O 9. Bd3 h6 10. Bxf6 Bxf6 11. e5 Be7 12. Be4 c6 13. O-O-O Qc7 14. Nc4 Ba6 15. Qb3 Nd7 16. Bb1 Rfd8 17. Qc2 Nf8 18. Ne3 Rxd1+ 19. Rxd1 Rd8 20. Rxd8 Qxd8 21. Nd4 Bg5 22. Qe4 c5 23. Nf3 Be7 24. Qa4 Qc8 25. c4 Qb7 26. Be4 Qc8 27. Bc6 Bb7 28. Bxb7 Qxb7 29. Qe8 a6 30. Qa4 b5 31. Qb3 Ng6 32. cxb5 axb5 33. a4 b4 34. Qc4 Qc7 35. Qe4 Bf8 36. b3 Ne7 37. g4 Nc6 38. Nc4 g6 39. Nfd2 Nd4 40. f4 Bg7 41. Kb1 f6 42. Qxg6 Qc6 43. exf6 1-0

[Event "63.Camp. Veneto Quarti di Finale"]
[Site "Arquà Petrarca ITA"]
[Date "2003.05.04"]
[Round "3.30"]
[White "Alessi, Giovanni"]
[Black "Gatti, Paolo"]
[Result "1-0"]
[WhiteElo "1500"]
[BlackElo "1512"]
[Annotator "Gabriele Ballarin"]
[PlyCount "95"]
[EventDate "2003.05.03"]
[EventType "swiss"]
[EventRounds "6"]
[EventCountry "ITA"]

1. e4 c5 2. g3 d6 3. Bg2 Nf6 4. Nc3 e5 5. d3 h6 6. Nf3 Be7 7. Bd2 a6 8. O-O Bg4 9. a4 Nc6 10. Qc1 Qd7 11. Nd5 Nxd5 12. exd5 Nd4 13. Nxd4 cxd4 14. c4 dxc3 15. Bxc3 Bg5 16. f4 Bf6 17. fxe5 Bxe5 18. Re1 O-O 19. Bxe5 dxe5 20. Rxe5 Rac8 21. Qe3 Rfe8 22. Re1 Kf8 23. Rxe8+ Qxe8 24. Qxe8+ Rxe8 25. Rxe8+ Kxe8 26. Kf2 b6 27. b4 a5 28. bxa5 bxa5 29. Bf3 Bd7 30. Bd1 Ke7 31. Ke3 Kd6 32. Kd4 g6 33. h4 h5 34. Bb3 f6 35. Kc4 g5 36. Kd4 Be8 37. Ke3 Bf7 38. Ke4 Bg6+ 39. Kd4 gxh4 40. gxh4 Bf7 41. Bc4 Be8 42. Bb5 Bf7 43. Bc6 f5 44. Ke3 Ke5 45. d4+ Kd6 46. Kf4 Bxd5 47. Bxd5 Kxd5 48. Kxf5 1-0

[Event "63.Camp. Veneto Quarti di Finale"]
[Site "Arquà Petrarca ITA"]
[Date "2003.05.04"]
[Round "3.31"]
[White "Zanatta, Federico"]
[Black "Zuccarello, Gianni"]
[Result "1-0"]
[WhiteElo "1654"]
[BlackElo "1459"]
[Annotator "Gabriele Ballarin"]
[PlyCount "45"]
[EventDate "2003.05.03"]
[EventType "swiss"]
[EventRounds "6"]
[EventCountry "ITA"]

1. e4 e5 2. Nf3 Nc6 3. Bc4 h6 4. d4 exd4 5. Nxd4 Nxd4 6. Qxd4 d6 7. Nc3 Nf6 8. O-O Be7 9. f4 O-O 10. Rf3 b6 11. Kh1 c5 12. Qd3 a6 13. Bd5 Nxd5 14. Nxd5 Bb7 15. c4 Bc6 16. Rg3 b5 17. b3 Kh8 18. Bb2 Bf6 19. Bxf6 gxf6 20. f5 Re8 21. Qe3 Kh7 22. Rh3 Bxd5 23. Qxh6+ 1-0

[Event "63.Camp. Veneto Quarti di Finale"]
[Site "Arquà Petrarca ITA"]
[Date "2003.05.04"]
[Round "3.33"]
[White "Vaglio, Alessandro"]
[Black "Mingardi, Alessandro"]
[Result "0-1"]
[WhiteElo "1539"]
[BlackElo "1300"]
[Annotator "Gabriele Ballarin"]
[PlyCount "111"]
[EventDate "2003.05.03"]
[EventType "swiss"]
[EventRounds "6"]
[EventCountry "ITA"]

1. d4 c5 2. d5 e5 3. dxe6 fxe6 4. e4 Qf6 5. Nc3 Ne7 6. Qh5+ Ng6 7. Bg5 Qe5 8. f4 Qc7 9. O-O-O d6 10. Bb5+ Nc6 11. f5 exf5 12. exf5 Bxf5 13. Re1+ Kd7 14. Nd5 Qa5 15. Bd2 Qxb5 16. Qxf5+ Kd8 17. Re8+ Kxe8 18. Nc7+ Kd8 19. Nxb5 Be7 20. Nf3 Rf8 21. Qd5 Nf4 22. Bxf4 Rxf4 23. Nxd6 Kc7 24. Rd1 Rd8 25. Qxc5 Bxd6 26. Qg5 Rf7 27. Qb5 Bf4+ 28. Nd2 Rfd7 29. Qe2 Rxd2 30. Rxd2 Rxd2 31. Qxd2 Bxd2+ 32. Kxd2 Kd6 33. c3 Kd5 34. b3 Ke4 35. Ke2 b5 36. h3 h5 37. h4 Ne5 38. Kd2 Kf4 39. c4 bxc4 40. b4 Kg4 41. Kc3 Kxh4 42. b5 Kg3 43. a4 Nd7 44. a5 Nb6 45. axb6 axb6 46. Kxc4 Kxg2 47. Kd5 h4 48. Kc6 h3 49. Kxb6 h2 50. Ka7 h1=Q 51. b6 Qb1 52. b7 Qxb7+ 53. Kxb7 g5 54. Kc6 g4 55. Kd5 g3 56. Ke4 0-1

[Event "63.Camp. Veneto Quarti di Finale"]
[Site "Arquà Petrarca ITA"]
[Date "2003.05.04"]
[Round "3.35"]
[White "Menin, Massimo"]
[Black "Tencheni, Maurizio"]
[Result "0-1"]
[WhiteElo "1534"]
[BlackElo "1300"]
[Annotator "Gabriele Ballarin"]
[PlyCount "82"]
[EventDate "2003.05.03"]
[EventType "swiss"]
[EventRounds "6"]
[EventCountry "ITA"]

1. Nf3 d5 2. c4 e6 3. cxd5 exd5 4. d4 Nf6 5. a3 Bf5 6. g3 Be7 7. Bg2 O-O 8. O-O c6 9. Nc3 Re8 10. Re1 Nbd7 11. e4 Nxe4 12. Nxe4 Bxe4 13. Nd2 Bf5 14. Nf3 Nf8 15. b4 a6 16. Be3 Ne6 17. Qd2 Bf6 18. Re2 Bg4 19. Rae1 Qb6 20. h3 Bxf3 21. Bxf3 Kf8 22. Rd1 Re7 23. Bg4 Nc7 24. h4 Rae8 25. Bg5 Bxg5 26. hxg5 Nb5 27. Rxe7 Rxe7 28. Qd3 Re4 29. Bf3 Rxd4 30. Qxh7 Rxd1+ 31. Bxd1 Qd4 32. Bf3 Nxa3 33. g6 fxg6 34. Qh8+ Ke7 35. Qb8 Qxb4 36. Qe5+ Kf8 37. Qb8+ Kf7 38. Qc7+ Qe7 39. Qf4+ Kg8 40. Bg4 Qe1+ 41. Kg2 Qe4+ 0-1

[Event "63.Camp. Veneto Quarti di Finale"]
[Site "Arquà Petrarca ITA"]
[Date "2003.05.04"]
[Round "3.36"]
[White "Turri, Riccardo"]
[Black "Navarro, Tommaso"]
[Result "0-1"]
[WhiteElo "1300"]
[BlackElo "1552"]
[Annotator "Gabriele Ballarin"]
[PlyCount "86"]
[EventDate "2003.05.03"]
[EventType "swiss"]
[EventRounds "6"]
[EventCountry "ITA"]

1. d4 d5 2. Bf4 Nf6 3. Nd2 Nc6 4. Ngf3 Bg4 5. e3 a6 6. c4 e6 7. a3 Be7 8. Rc1 O-O 9. h3 Bh5 10. Be2 h6 11. Ne5 Nxe5 12. Bxe5 Bg6 13. cxd5 Nxd5 14. Bf3 c6 15. Nb3 f6 16. Bg3 Qb6 17. O-O Bf7 18. Qc2 Nc7 19. Nc5 Rad8 20. a4 a5 21. Rfd1 Na6 22. Nxa6 Qxa6 23. b3 Qb6 24. Rd3 Rd7 25. Rcd1 Bg6 26. e4 Rfd8 27. Qc4 Bf7 28. d5 e5 29. Qc1 Bc5 30. Qb1 Bd4 31. dxc6 Qxc6 32. Kh1 Rc8 33. Bg4 Be6 34. Bxe6+ Qxe6 35. Rc1 Rdc7 36. Rxc7 Rxc7 37. f4 exf4 38. Bxf4 Rd7 39. Rd1 Qb6 40. e5 Re7 41. exf6 Bxf6 42. Rd6 Qf2 43. Bxh6 Re1+ 0-1

[Event "63.Camp. Veneto Quarti di Finale"]
[Site "Arquà Petrarca ITA"]
[Date "2003.05.10"]
[Round "4.1"]
[White "Lain, Luigi"]
[Black "Navarro, Stefano"]
[Result "1-0"]
[WhiteElo "2256"]
[BlackElo "2115"]
[Annotator "Gabriele Ballarin"]
[PlyCount "117"]
[EventDate "2003.05.03"]
[EventType "swiss"]
[EventRounds "6"]
[EventCountry "ITA"]

1. d4 d5 2. c4 e6 3. Nc3 c6 4. Bf4 Bd6 5. Bg3 Nf6 6. e3 O-O 7. Nf3 Qe7 8. Qc2 Nbd7 9. Bh4 Qe8 10. Bd3 h6 11. O-O dxc4 12. Bxc4 e5 13. Rad1 Bb8 14. a3 Qe7 15. Ba2 Kh8 16. Bb1 g5 17. Bg3 e4 18. Ne5 Nxe5 19. dxe5 Bxe5 20. Bxe5 Qxe5 21. f4 Qc5 22. Rd4 Re8 23. fxg5 Qxg5 24. Rf4 Be6 25. Nxe4 Nxe4 26. Rdxe4 Qg6 27. Qc3+ Qg7 28. Rf6 Kg8 29. Ref4 Rad8 30. Bc2 Rd5 31. Bb3 Rg5 32. Rf2 Rg6 33. Qe5 Rg5 34. Qe4 Rg4 35. Qd3 Bxb3 36. Qxb3 Re7 37. Qd3 Rge4 38. R6f3 Kh8 39. Rxf7 Rxf7 40. Rxf7 Qxf7 41. Qxe4 Kg7 42. Qd4+ Qf6 43. g4 Qxd4 44. exd4 Kg6 45. h4 Kf6 46. Kf2 b6 47. Ke3 a5 48. Ke4 Ke6 49. b3 b5 50. g5 hxg5 51. hxg5 b4 52. a4 Kf7 53. Kf5 Kg7 54. g6 Kg8 55. Kf6 Kf8 56. g7+ Kg8 57. Kg6 c5 58. d5 c4 59. d6 1-0